000 00549nam a2200169Ia 4500
008 110201s9999 xx 000 0 und d
082 _bB3579
_aS 463
100 _aदेशपांडे ना.घ.
245 _aफुले आणि काटे
260 _bमेहता पब्लि.हा
365 _b80
600 _aदेशपांडे ना.घ.
630 _aफुले आणि काटे
700 _aदेशपांडे ना.घ.
730 _aफुले आणि काटे
942 _cBOOK
999 _c830181
_d830178